[Event "Nancy Rapid 19th"]
[Site "Nancy"]
[Date "2021.10.24"]
[Round "1"]
[White "Astaneh Lopez, Alex"]
[Black "Basri, Larbi Jean"]
[Result "1-0"]
[WhiteElo "2430"]
[BlackElo "1509"]
[PlyCount "45"]
[EventDate "2021.10.24"]
[EventType "swiss (rapid)"]
[EventRounds "9"]
[EventCountry "FRA"]
[SourceTitle "CBM 204 Extra"]
[Source "ChessBase"]
[SourceDate "2021.11.30"]
[SourceVersion "1"]
[SourceVersionDate "2021.11.30"]
[SourceQuality "1"]

1. e4 d5 2. exd5 Qxd5 3. Nf3 Bg4 4. Be2 e6 5. h3 Bh5 6. d4 Nf6 7. c4 Bb4+ 8. Bd2 Qa5 9. Nc3 c6 10. 0-0 Nbd7 11. a3 Bxc3 12. Bxc3 Qc7 13. Ne5 Bxe2 14. Qxe2 Nxe5 15. dxe5 Nd7 16. Qg4 0-0 17. f4 Rad8 18. Rf3 Nc5 19. Re1 Na4 20. f5 Nxc3 21. f6 g6 22. Qg5 Rd1 23. Rxd1 1-0